000 00846nam a2200265 i 4500
001 104879
003 ES-MaACL
005 20231026145937.0
007 t|
008 060522q19101920sp ||||1| spa d
080 _a651.93
100 1 _aSoto de Gangoiti, Juan.
_9107512
245 1 0 _aTratado de taquigrafía /
_cpor Juan Soto de Gangoiti.
250 _a8ª ed.
260 _aMadrid :
_bReus,
_c[191-?]
300 _aXI, 159 p. ;
_c18 cm.
490 1 _aManuales Reus ;
_v10.
_aEnseñanza
650 1 4 _aTaquigrafía.
_917284
830 0 _aManuales Reus ;
_v10.
_aEnseñanza
_9187393
852 _aES-MaACL
_jE-11236
_9R.138933
_cDEPO2
_xLegado: Jacinto Martínez Lacalle
903 _9139376
_aMartínez Lacalle, Jacinto
_ednr
_q1
942 _2udc
_cMONOGRAFIA
999 _c104879
_d104879